| 000 | 00378cam a2200145ua 4500 | ||
|---|---|---|---|
| 041 |
_aeng _h |
||
| 082 |
_a621.31 _bSHA/SO |
||
| 100 | _aShahane, . | ||
| 245 |
_aSolutions of problems in generationof Transmission / _cShahane. _hTextual Documents |
||
| 260 |
_aBombay : _bEngneering book Co , _c1961. |
||
| 300 | _a325 ; . | ||
| 504 | _a | ||
| 942 | _cBK | ||
| 999 |
_c3396 _d3396 |
||